| 000 | 00854nam a22002057a 4500 | ||
|---|---|---|---|
| 003 | 0 | ||
| 005 | 20160609170152.0 | ||
| 008 | 101208t xxu||||| |||| 00| 0 eng d | ||
| 040 |
_aBUAC _cBEPAC |
||
| 100 |
_aAtiogbe , Gélase K. _911932 |
||
| 130 |
_lfr _911933 |
||
| 245 | _aIdentification du coefficient de proportionnalité entre le taux de l'hémoglobine et la mesure de l'hématocrite dans les pathologies les plus dominantes en République du Bénin chez les personnes agées de 0 à 18ans: Cas des départements de l'Atacora et de la Donga (A propos de 1018 cas ) | ||
| 260 |
_aUAC-EPAC _bUAC-EPAC _c2006-2007 |
||
| 300 | _aX-89p. | ||
| 650 |
_aIDENTIFICATION _bHEMOGLOBINE _911934 |
||
| 650 |
_aIDENTIFICATION _bHEMOGLOBINE _911935 |
||
| 650 |
_aPATHOLOGIE _bPERSONNES AGEES _911936 |
||
| 700 |
_aGbedevi, Mirabelle A.C _911937 |
||
| 942 | _cTHE | ||
| 999 |
_c48459 _d48459 |
||